Statystyki dla Quiz dotyczący mapy Europy w języku ukraińskim

Kliknij tutaj aby rozwiązać quiz!

Ogólne statystyki

  • Ten quiz został rozwiązany 22 razy
  • Średni wynik to 33 z 45

Odpowiedzi na mapie

Odpowiedzi skodowane kolorowo w zielono-czerwonej skali na mapie do tego quizu, zgodnie z poniższymi procentami.
 

Statystyki odpowiedzi

Odpowiedź% Poprawnych
Італія
100%
Україна
100%
Ірландія
89%
Швеція
78%
Люксембург
78%
Швейцарія
78%
Франція
78%
Словенія
78%
Румунія
78%
Росія
78%
Польща
78%
Норвегія
78%
Нідерланди
78%
Албанія
78%
Молдова
78%
Мальта
78%
Монако
78%
Греція
78%
Ліхтенштейн
78%
Косово
78%
Естонія
78%
Данія
78%
Болгарія
78%
Об'єднане
Королівство
78%
Північна
Македонія
78%
Сан-Марино
67%
Фінляндія
67%
Чехія
67%
Чорногорія
67%
Словаччина
67%
Сербія
67%
Австрія
67%
Литва
67%
Ватикан
67%
Португалія
67%
Хорватія
67%
Андорра
67%
Ісландія
67%
Іспанія
67%
Білорусь
67%
Боснія і
Герцеговина
67%
Бельгія
56%
Німеччина
56%
Латвія
56%
Угорщина
44%

Rozkład punktacji

Percentyl według liczby udzielonych odpowiedzi

Procent ludzi z każdym wynikiem

Twoja historia wyników

Nie rozwiązałeś tego quizu